Jeeva Narana Duraikkannan / (Record no. 195542)

MARC details
000 -LEADER
fixed length control field 00630nam a22002057a 4500
005 - DATE AND TIME OF LATEST TRANSACTION
control field 20230403111342.0
010 ## - LCCN (DPL NO)
LC control number ENG-136594
020 ## - INTERNATIONAL STANDARD BOOK NUMBER
International Standard Book Number 9788126052677
Terms of availability 50.00
035 ## - SYSTEM CONTROL NUMBER
System control number EN-120126
037 ## - SOURCE OF ACQUISITION
Source of stock number/acquisition DBAD/PUB
082 ## - DEWEY DECIMAL CLASSIFICATION NUMBER
Classification number 494.811
100 ## - MAIN ENTRY--PERSONAL NAME
Personal name Gurunathan,Rama
245 ## - TITLE STATEMENT
Title Jeeva Narana Duraikkannan /
Statement of responsibility, etc By Rama Gurunathan And Trans By N.Murugaiyan
250 ## - EDITION STATEMENT
Edition statement First
260 ## - PUBLICATION, DISTRIBUTION, ETC. (IMPRINT)
Place of publication, distribution, etc New Delhi
Name of publisher, distributor, etc Sahitya Akademi
Date of publication, distribution, etc 2017
270 ## - ADDRESS
Address Ravindra Bhawan, 35, Ferozshah Kotta Road
City New Delhi
Postal code 110001
300 ## - PHYSICAL DESCRIPTION
Extent 160p.;
Dimensions 21cm(pbk)
700 ## - ADDED ENTRY--PERSONAL NAME
Personal name N.Murugaiyan
Relator term Translated
942 ## - ADDED ENTRY ELEMENTS (KOHA)
Source of classification or shelving scheme Dewey Decimal Classification
Item type English Books
Call number suffix RAM
Classification part 494.811
Holdings
Withdrawn status Lost status Not for loan Collection code Home library Current library Date acquired Source of acquisition Cost, normal purchase price Full call number Barcode Copy number Cost, replacement price Koha item type
      Non-fiction Central Jail Tihar Central Jail Tihar 03/04/2023 DBAD/PUB 50.00 494.811 RAM EN-120126 1 50.00 English Books

© Delhi Public Library
Hit Counter
free hit counter